| 000 | 00000nam 2200000zi 4500 |
| 001 | 9.945605 |
| 003 | CaOODSP |
| 005 | 20241126163212 |
| 006 | m o d f |
| 007 | cr cn||||||||| |
| 008 | 241126e20020618oncad o f000 0|eng d |
| 020 | |z066266681X |
| 040 | |aCaOODSP|beng|erda|cCaOODSP |
| 043 | |an-cn--- |
| 086 | 1 |aPF4-7/2002-2E-PDF|zPF4-7/2002-2 |
| 245 | 00|aListening to Canadians Communications Survey : |bspring 2002. |
| 264 | 1|a[Ottawa] : |bCommunication Canada, |cJune 18, 2002. |
| 300 | |a1 online resource (50 pages) : |billustrations, graphs |
| 336 | |atext|btxt|2rdacontent |
| 337 | |acomputer|bc|2rdamedia |
| 338 | |aonline resource|bcr|2rdacarrier |
| 500 | |aDigitized edition from print [produced by Government of Canada Publications Directorate]. |
| 500 | |aIssued also in French under title: A l'écoute des Canadiens Enquête sur les communications : printemps 2002. |
| 650 | 0|aCommunication surveys|zCanada. |
| 710 | 1 |aCanada.|bCommunication Canada, |eissuing body. |
| 775 | 08|tÀ l'écoute des Canadiens Enquête sur les communications : |w(CaOODSP)9.945610 |
| 776 | 0#|tListening to Canadians Communications Survey : |w(CaOODSP)9.663855 |
| 856 | 40|qPDF|s34.80 MB|uhttps://publications.gc.ca/collections/collection_2024/isde-ised/PF4-7-2002-2-eng.pdf |